000 01349nam a2200373 c 4500
003 BLK
005 20240416160658.0
008 180411b bul|||||r ||||||| ||bul||
010 _aKNG00180233000
020 _a978-954-389-263-1
_bиздат.: Ера
040 _aBLK
041 _aBUL
_cBUL
072 7 _2bullib
_aН8301
_xТрилъри Н
080 _aАмериканска литература (на САЩ)
_b821.111(73)
_x-312.4
_z821.111(73)-312.4
100 1 _aТор, Брад
_eпърви автор
_9130620
700 _aДавидова, Теодора Иванова
_d1947-
_9366021
139 _aТор, Брад
_bТ 75
245 1 0 _aТайният орден
_bРоман
_cБрад Тор; прев. от англ. Теодора Иванова Давидова.
257 _aUSA
260 София
_bЕра
_c2013
_fСофия : Експертпринт
300 _a392 с.
_c20 см
380 _aX
490 1 _aЕратрилър
500 _aОриг. загл. Hidden Order / Brad Thor.
653 _aтрилъри
653 _aромани
659 _aН
852 _aЦб 276127
856 4 _qpdf
_u
856 4 _qpdf
_u
942 _cKNG
_n0
_039
944 _aCR
_c24.08.2015
_lДиана Гривева
_k30529
944 _aED
_c27.04.2016
_lф /
_kЛюдмила_Стоянова
999 _c171936
_d171936